000
003170000a22001450004500
003
MACL
040
_a
MACL
090
_c
32276
_d
32274
100
_a
Jhabvala, Noshirvan H.
245
_a
The Indian Evidence Act 1999
260
_b
C. jamnadas & Co
350
_a
125
650
_a
Crimnal law
942
_c
BOOK
_k
345/Jha
999
_c
31947
_d
31947